Psicología /
Guardado en:
| Autor Principal: | |
|---|---|
| Formato: | Libro |
| Publicado: |
Argentina :
Almagro,
1971
|
| Edición: | 7a. ed. |
| Materias: | |
| Etiquetas: |
Agregar Etiqueta
Sin Etiquetas, Sea el primero en etiquetar este registro!
|
| LEADER | 00510nam a22001815a 4500 | ||
|---|---|---|---|
| 001 | CEM.cems003295 | ||
| 005 | 19000101000000.0 | ||
| 008 | 130507s1971##################000#0#####d | ||
| 003 | CEMS | ||
| 082 | 0 | 4 | |a 150.7 |
| 100 | 1 | |a Hopkins, Patricio | |
| 245 | 1 | 0 | |a Psicología / |c Patricio Hopkins |
| 250 | |a 7a. ed. | ||
| 260 | |a Argentina : |b Almagro, |c 1971 | ||
| 300 | |a 318 p. | ||
| 653 | |a Psicologia-enseñanza secundari | ||
| 653 | |a Sentimientos-psicologia | ||
| 859 | |a CEMS |b BIB. CEMS - 11 de abril |h 150.7 |i H776a7 |p 555.73 |t Ej.1 | ||
